MARC details
| 000 -CABECERA |
| campo de control de longitud fija |
01835nam a2200253 a 4500 |
| 001 - NÚMERO DE CONTROL |
| campo de control |
000024661 |
| 003 - IDENTIFICADOR DEL NÚMERO DE CONTROL |
| campo de control |
DO-SdBNP |
| 005 - FECHA Y HORA DE LA ÚLTIMA TRANSACCIÓN |
| campo de control |
20240412074251.0 |
| 007 - CAMPO FIJO DE DESCRIPCIÓN FÍSICA--INFORMACIÓN GENERAL |
| campo de control de longitud fija |
ta |
| 008 - DATOS DE LONGITUD FIJA--INFORMACIÓN GENERAL |
| campo de control de longitud fija |
110202s2010 dr 000 p spa d |
| 020 ## - NÚMERO INTERNACIONAL ESTÁNDAR DEL LIBRO |
| Número Internacional Estándar del Libro |
9789945872989 |
| 040 ## - FUENTE DE LA CATALOGACIÓN |
| Centro catalogador/agencia de origen |
DO-SdBNP |
| Lengua de catalogación |
spa |
| Centro/agencia transcriptor |
BNPHU |
| 082 #4 - NÚMERO DE LA CLASIFICACIÓN DECIMAL DEWEY |
| Número de clasificación |
RD861.5 |
| Número de documento/Ítem |
M948p |
| Número de edición |
22 |
| 110 2# - ENTRADA PRINCIPAL--NOMBRE DE ENTIDAD CORPORATIVA |
| Nombre de entidad corporativa o nombre de jurisdicción como elemento de entrada |
Taller Literario Juan Félix Pepén |
| 9 (RLIN) |
50577 |
| 245 10 - MENCIÓN DE TÍTULO |
| Título |
Muestrario poético. |
| 260 ## - PUBLICACIÓN, DISTRIBUCIÓN, ETC. |
| Lugar de publicación, distribución, etc. |
Santo Domingo : |
| Nombre del editor, distribuidor, etc. |
Ediciones Rumbo Este, |
| Fecha de publicación, distribución, etc. |
2010. |
| 300 ## - DESCRIPCIÓN FÍSICA |
| Extensión |
65 p. ; |
| Dimensiones |
22 cm. |
| 505 0# - NOTA DE CONTENIDO CON FORMATO |
| Información miscelánea |
Introducción |
| Título |
Taller literario Juan Félix Pepén. Haciendo camino al andar / |
| Mención de responsabilidad |
Valentín Amaro -- |
| Título |
Creo ; |
| -- |
La agonía del rapsoda ; |
| -- |
Parece ; |
| -- |
El llanto ; |
| -- |
Ruin Efigie ; |
| -- |
Homo sapiens ; |
| -- |
Rosa plástica ; |
| -- |
Mujer ; |
| -- |
Luces ; |
| -- |
Sin ti ; |
| -- |
Sufrimiento ; |
| -- |
Al crucificado / |
| Mención de responsabilidad |
Francisco Encarnación Ramírez -- |
| Título |
Poemas ; |
| -- |
Mi descanso / |
| Mención de responsabilidad |
Marco Adamos Gil -- |
| Título |
No estoy rota ; |
| -- |
No he podido ; |
| -- |
Sin tu sombra ; |
| -- |
Sólo a veces ; |
| -- |
Sólo una parte ; |
| -- |
Recortar la tarde ; |
| -- |
Y soy entonces ; |
| -- |
Inquietud ; |
| -- |
Sequías ; |
| -- |
Mas no volverá la transparencia ; |
| -- |
Síntomas poéticos ; |
| -- |
De las cosas ; |
| -- |
Esta parte de ti ; |
| -- |
Todo se vive ; |
| -- |
Tiempo y nada ; |
| -- |
Justo allí ; |
| -- |
Ahora ya puedes ; |
| -- |
Muero ; |
| -- |
El tiempo ha terminado ; |
| -- |
No llueve más / |
| Mención de responsabilidad |
Leyddy Dhianna Reynoso Caraballo -- |
| Título |
Poemas ; |
| Nota de contenido con formato |
El día de mi muerte ; |
| Título |
Mi sufrimiento / |
| Mención de responsabilidad |
Erick Sandro -- |
| Título |
Cosas para un ángel ; |
| -- |
En el amor ; |
| -- |
Miedo ; |
| -- |
Cada mañana ; |
| -- |
Yo quiero ser tu amor por siempre ; |
| -- |
En mi tiempo ; |
| -- |
Yo y mi eterna soledad ; |
| -- |
Tú, mi anhelo / |
| Mención de responsabilidad |
Emili Marx Cordones Sánchez -- |
| Título |
Soy ; |
| -- |
Matemáticamente ; |
| -- |
Qué soy ; |
| -- |
Carta a mi soledad ; |
| -- |
Lo difícil de amar / |
| Mención de responsabilidad |
Berlín Vilorio Fría |
| 590 ## - NOTA LOCAL (RLIN) |
| Nota local |
Inventariado, 2019 / DG |
| 650 #4 - PUNTO DE ACCESO ADICIONAL DE MATERIA--TÉRMINO DE MATERIA |
| Término de materia o nombre geográfico como elemento de entrada |
Poesía dominicana |
| Subdivisión general |
Colecciones |
| 9 (RLIN) |
351 |
| 650 #0 - PUNTO DE ACCESO ADICIONAL DE MATERIA--TÉRMINO DE MATERIA |
| Término de materia o nombre geográfico como elemento de entrada |
Literatura dominicana. |
| 9 (RLIN) |
67 |
| 910 ## - DATOS DE OPCIÓN DEL USUARIO (OCLC) |
| Datos de opción del usuario |
Validado. Control de calidad BNPHU |
| 942 ## - ELEMENTOS DE PUNTO DE ACCESO ADICIONAL (KOHA) |
| Fuente del sistema de clasificación o colocación |
Dewey Decimal Classification |
| Tipo de ítem Koha |
Libro |